| 000 | 00363nam a2200145Ia 4500 | ||
|---|---|---|---|
| 008 | 210719s1961 xx 000 0 und d | ||
| 041 | _aeng | ||
| 082 | _a306.6 DURE | ||
| 100 | _aDURKHEIM (Emile) | ||
| 245 | _aElementary forms of the religious life. | ||
| 260 |
_aNew York. _bCollier Books., _c1961 |
||
| 300 |
_a507 _bPB |
||
| 365 | _cRs | ||
| 650 | _aReligion | ||
| 999 |
_c212655 _d212655 |
||